Западноевропейское кружево XVI-XIX вв. в собрании Эрмитажа

Մատենագիտական մանրամասներ
Հիմնական հեղինակ: Бирюкова Н. Ю.
Լեզու:ռուսերեն
Հրապարակվել է: Ленинград, Изд-во Государственного Эрмитажа, 1959
Խորագրեր:
Ձևաչափ: MixedMaterials Գիրք
KOHA link:https://koha.lib.tpu.ru/cgi-bin/koha/opac-detail.pl?biblionumber=121365

MARC

LEADER 00000nam0a2200000 4500
001 121365
005 20231031125354.0
035 |a (RuTPU)RU\TPU\book\131440 
090 |a 121365 
100 |a 20070912d1959 m y0rusy50 ca 
101 0 |a rus 
102 |a RU 
105 |a a z 001zy 
200 1 |a Западноевропейское кружево XVI-XIX вв. в собрании Эрмитажа  |f Н. Ю. Бирюкова 
210 |a Ленинград  |c Изд-во Государственного Эрмитажа  |d 1959 
215 |a 68 с.  |c ил. 
320 |a Список иллюстраций: с. 64-68. 
610 1 |a кружево западноевропейское 
610 1 |a Эрмитаж 
610 1 |a музейные собрания 
675 |a 746.2(4)  |v 3 
675 |a 7(074)(47.411)  |v 3 
700 1 |a Бирюкова  |b Н. Ю. 
801 1 |a RU  |b 63413507  |c 20070912  |g PSBO 
801 2 |a RU  |b 63413507  |c 20071127  |g PSBO 
942 |c BK